The Top 75 Smallest Countries In The World - Statistics

General Stats
  • This quiz has been taken 51 times
  • The average score is 62 of 75
Answer Stats
No. Country % Correct
1 Vatican City
100%
10 Malta
98%
17 Andorra
95%
35 Jamaica
95%
6 Liechtenstein
95%
2 Monaco
95%
18 Saint Lucia
95%
27 Luxembourg
93%
3 Nauru
93%
5 San Marino
93%
20 Singapore
93%
31 Trinidad and Tobago
93%
4 Tuvalu
93%
13 Barbados
90%
22 Dominica
90%
11 Grenada
90%
24 Kiribati
90%
8 Saint Kitts and Nevis
90%
12 Saint Vincent and the Grenadines
90%
15 Seychelles
90%
23 Bahrain
88%
48 Belize
88%
30 Cape Verde
88%
19 Federated States of Micronesia
88%
37 Qatar
88%
14 Antigua and Barbuda
85%
32 Brunei
85%
33 Cyprus
85%
9 Maldives
85%
7 Marshall Islands
85%
16 Palau
85%
51 Rwanda
85%
75 Sri Lanka
85%
21 Tonga
85%
38 Vanuatu
85%
67 Dominican Republic
83%
46 El Salvador
83%
66 Estonia
83%
43 Kuwait
83%
73 Latvia
83%
58 Lesotho
83%
50 North Macedonia
83%
25 Sao Tome and Principe
83%
56 Solomon Islands
83%
72 Togo
83%
40 Bahamas
80%
62 Bhutan
80%
41 East Timor
80%
42 Eswatini
80%
44 Fiji
80%
52 Haiti
80%
47 Israel
80%
34 Lebanon
80%
26 Mauritius
80%
39 Montenegro
80%
29 Samoa
80%
59 Belgium
78%
28 Comoros
78%
74 Lithuania
78%
55 Albania
75%
64 Netherlands
75%
53 Burundi
73%
71 Croatia
73%
54 Equatorial Guinea
73%
36 Gambia
73%
57 Armenia
70%
70 Bosnia and Herzegovina
70%
60 Moldova
70%
68 Slovakia
70%
45 Slovenia
70%
65 Denmark
68%
49 Djibouti
68%
61 Guinea-Bissau
65%
69 Costa Rica
63%
63 Switzerland
63%
No matching quizzes found
Score Distribution
Percent of People with Each Score
Percentile by Number Answered
Your Score History
You have not taken this quiz